000 00725nam a22002417a 4500
001 99423
003 UA-OsUOA
005 20210103150451.0
007 ta
008 20130429b un ||||| |||| 00| 0 ukr d
040 _aUA-OsUOA
_brus
_cUA-OsUOA
_dUA-OsUOA
041 _arus
080 _a821.161.1
090 _a821.161.1
_bТ26
100 _aТвардовский А.
245 _aСтихотворения. Поэмы
260 _aМ.
_bХудожественная литература
_c1984
300 _a559 с.
650 7 _a82 Література. Літературознавство
_2UDC
942 _cBK
_2udc
955 _a3
999 _c385562
_d385562